Регионална библиотека "Любен Каравелов" - Русе

Може и без хайвер (Запис номер 200289)

MARC детайли
000 -Лидер
Контролно поле с фиксирана дължина 01479nam a2200361 c 4500
003 - Код на организацията, давaща контролен номер
Контролно поле BLK
005 - Дата и час на последна редакция
Контролно поле 20240601103847.0
008 - Елементи от данни с фиксирана дължина
fixed length control field 180411b bul|||||r ||||||| ||bul||
010 ## - Наследен системен номер
LC control number KNG00209706000
020 ## - Международен стандартен номер на книга ISBN
Международен стандартен номер на книга ISBN 978-619-7399-03-5
-- издат.: Gourmet - на том(кн.2)
040 ## - Източник на каталожния запис
Идентификатор на билиотеката - собственик на записа BLK
041 ## - Код за език
Код за езика на текст/звукозапис или на отделно заглавие Български
Код за езика КДБФ Български
072 #7 - Код за тематичната категория
Код организация bullib
Код за тематична категория Н83
Текст Чужда художествена литература Н
080 ## - УДК
Текстов определител УДК Австрийска литература
УДК код - определител по УДК 821.112(436)
УДК определител -31
УДК - код + определител 821.112(436)-31
100 1# - Редна дума - Автор
Автор Зимел, Йоханес Марио
Авторска отговорност първи автор
R(LIN) 252639
139 ## - Редно поле
Редна дума Зимел, Йоханес Марио
Авторски знак Зим - З 64
245 10 - Сведения за заглавието
Заглавие Може и без хайвер
Подзаглавни данни Роман : Кн. 1 -
Редно поле (дума) Йоханес Марио Зимел; прев. от нем. Веселин Тошков.
Том Кн. 2
257 ## - Страна на издаване
Страна на създаване/издаване Австрия
260 ## - Област на издателските данни
-- София
Година на издаване 2017 -
300 ## - Физическа характеристика
Размери/Мащаб 21 см
380 ## - Жанр
Жанр Худож. лит.
500 ## - Общи забележки
Забележка Ориг. загл. Es muss nicht immer Kaviar sein / Johannes Mario Simmel.
653 ## - Ключова дума – ненормативна
Ключова дума романи
659 ## - Тематичен бюлетин
Тематичен бюлетин Н
700 1# - Други автори (авторска отговорност)
Лично име Тошков, Веселин
Автороска отговорност (Описва отношението между автора и произведението) прев. от нем.
9 (RLIN) 348996
760 1# - Описание на основната серия
-- - на том(кн.2)
Редна дума на основното описание Зимел, Йоханес Марио
Място на издаване, издател и година Gourmet, 2017
Страници - том 368 с.
Заглавие Кн. 2
852 ## - Местоположение
Форматна сигнатура Цб 286547
856 4# - Електронен адрес и достъп
Електронен формат pdf - файл
Път до файла /url/
856 4# - Електронен адрес и достъп
Електронен формат pdf - файл
Път до файла /url/
942 ## - АРТИКУЛИ
Вид на библиотечния материал Книги
Скрит в OPAC Не
Koha issues (borrowed), all copies 15
944 ## - СЪЗДАВАНЕ И РЕДАКЦИЯ на ЗАПИСА
Създаване/Редакция Създаване
Дата на регистрацията/редакция 20.07.2017
Статус, дата на статуса Виолета Тройчева
Служител, извършил регистрацията/редакцията 30552
944 ## - СЪЗДАВАНЕ И РЕДАКЦИЯ на ЗАПИСА
Създаване/Редакция Редакция
Дата на регистрацията/редакция 20.07.2017
Статус, дата на статуса ф /
Служител, извършил регистрацията/редакцията Людмила_Стоянова
999 ## - СИСТЕМНИ КОНТРОЛНИ НОМЕРА
Koha biblionumber 200289
Koha biblioitemnumber 200289
Наличности
Код за отписване Код за изгубен артикул Източник на класификационната схема Код за повреда Коз за рестрикции Код за отдаване Артикулен № Име на библиотеката - собственик Име на библиотеката, в която се намира в момента Статус (Текущо местоположение) Дата на вписване в системата Местоположение - отдел Цена в лева Инвентарен номер Систематично азбучна сигнатура Баркод Номер на екземпляра Цена в евро Служебна бележка Служебен тип на артикула
  Не е изгубен Universal Decimal Classification Не е повреден без рестрикции заемане за дома 347463 Регионална библиотека "Любен Каравелов" Русе Регионална библиотека "Любен Каравелов" Русе Заемна - подръчен фонд 2017-07-18 Заемна - подръчен фонд 18.00 120000813679 П 830-31/З 64 120000813679 1 9.20 Дост: Pk Вид: Ф N: 493 Дата: 18.07.2017 Дата инв: 14.03.2018 Бележки инв: П2018 Книги
Vip Innovations Ltd, Rousse, Bulgaria 2025